000 00524nam a22001937a 4500
003 OSt
005 20140310182846.0
008 130611t xxu||||| |||| 00| 0 eng d
050 _aTT 835
_b.B565 1990
082 _aM 746.46
_bB45 1990
245 _aBetter homes and gardens :
_cBetter homes & gardens /
260 _aIowa :
_bMerideth Corp,
_c1990.
300 _a80 p. :
_bill. col. ;
_c29 cm.
521 _acollege students
526 _c1210L-1700L
541 _j1
562 _e1
942 _2lcc
_cBK
_kM
999 _c16926
_d16926